Pays le plus médaillé par épreuves aux Jeux Olympiques d'hiver - Statistiques

Statistiques générales
  • Ce quiz a été pris 217 fois
    34 depuis la dernière actualisation
  • Le résultat moyen est 144 sur 152
Statistiques - réponses
Sport Épreuve Pays Nb Médailles % Correct
Biathlon Individuel F Allemagne 7
100%
Biathlon Sprint F Allemagne 7
100%
Biathlon Poursuite F Allemagne 5
100%
Biathlon Départ Groupé F Allemagne 4
100%
Biathlon Relais F Allemagne 7
100%
Combiné Nordique Grand Tremplin H Allemagne 6
100%
Luge Individuel H Allemagne 11
100%
Luge Duo H Allemagne 13
100%
Luge Individuel F Allemagne 19
100%
Luge Double F Allemagne 1
100%
Luge Relais par équipes M Allemagne 4
100%
Patinage de Vitesse 5 000m F Allemagne 10
100%
Saut à Ski Tremplin normal F Allemagne 3
100%
Skeleton Individuel F Allemagne 6
100%
Skeleton Par équipes M Allemagne 2
100%
Ski Alpin Super Combiné F Allemagne 9
100%
Snowboard Slalom Géant Parallèle F Allemagne 3
100%
Curling Hommes Canada 11
100%
Curling Femmes Canada 8
100%
Hockey sur Glace Hommes Canada 17
100%
Hockey sur Glace Femmes Canada 8
100%
Patinage de Vitesse sur Piste Courte 500m H Canada 8
100%
Patinage de Vitesse sur Piste Courte Relais 5 000m H Canada 7
100%
Patinage de Vitesse sur Piste Courte Relais 3 000m F Canada 8
100%
Ski Acrobatique Bosses H Canada 7
100%
Ski Acrobatique Bosses en parallèle H Canada 1
100%
Ski Acrobatique Halfpipe F Canada 3
100%
Ski Acrobatique Skicross F Canada 6
100%
Snowboard Big air H Canada 2
100%
Snowboard Slopestyle H Canada 5
100%
Snowboard Boadercross F Canada 4
100%
Bobsleigh Monobob F États Unis 4
100%
Bobsleigh Bob à Deux F États Unis 8
100%
Hockey sur Glace Femmes États Unis 8
100%
Patinage Artistique Simple H États Unis 16
100%
Patinage Artistique Simple F États Unis 23
100%
Patinage Artistique Compétition par équipes M États Unis 4
100%
Patinage de Vitesse 500m H États Unis 17
100%
Patinage de Vitesse 500m F États Unis 10
100%
Patinage de Vitesse 1 000m F États Unis 12
100%
Skeleton Individuel H États Unis 5
100%
Ski Acrobatique Big Air H États Unis 2
100%
Ski Acrobatique Halfpipe H États Unis 6
100%
Ski Acrobatique Slopestyle H États Unis 7
100%
Ski Acrobatique Bosses F États Unis 9
100%
Ski Acrobatique Bosses en parallèle F États Unis 2
100%
Ski Acrobatique Sauts par équipes M États Unis 2
100%
Snowboard Halfpipe H États Unis 9
100%
Snowboard Halfpipe F États Unis 12
100%
Snowboard Slopestyle F États Unis 3
100%
Biathlon Poursuite H France 8
100%
Biathlon Relais M France 3
100%
Ski Alpinisme Sprint F France 1
100%
Ski Alpinisme Sprint H France 1
100%
Ski Alpinisme Relais M France 1
100%
Snowboard Boadercross H France 4
100%
Snowboard Boadercross F France 4
100%
Biathlon Individuel H Norvège 13
100%
Biathlon Sprint H Norvège 12
100%
Biathlon Départ Groupé H Norvège 7
100%
Biathlon Relais H Norvège 8
100%
Biathlon Départ Groupé F Norvège 4
100%
Biathlon Relais M Norvège 3
100%
Combiné Nordique Tremplin normal H Norvège 25
100%
Combiné Nordique Grand Tremplin H Norvège 6
100%
Curling Double M Norvège 2
100%
Patinage de Vitesse 1 500m H Norvège 23
100%
Patinage de Vitesse 5 000m H Norvège 23
100%
Saut à Ski Tremplin normal H Norvège 9
100%
Saut à Ski Gros tremplin H Norvège 21
100%
Saut à Ski Gros tremplin F Norvège 2
100%
Ski Acrobatique Big Air H Norvège 2
100%
Ski Alpin Super G H Norvège 9
100%
Ski de Fond 10km H Norvège 19
100%
Ski de Fond 50km H Norvège 18
100%
Ski de Fond Relais H Norvège 16
100%
Ski de Fond Skiathlon H Norvège 14
100%
Ski de Fond Sprint Individuel H Norvège 7
100%
Ski de Fond Sprint par équipes H Norvège 5
100%
Ski de Fond 50 km F Norvège 10
100%
Ski de Fond Relais F Norvège 12
100%
Ski de Fond Skiathlon F Norvège 6
100%
Bobsleigh Bob à deux H Suisse 16
100%
Bobsleigh Bob à quatre H Suisse 15
100%
Ski Acrobatique Skicross H Suisse 5
100%
Ski Acrobatique Slopestyle F Suisse 4
100%
Ski Alpinisme Sprint F Suisse 1
100%
Ski Alpinisme Relais M Suisse 1
100%
Snowboard Slalom Géant Parallèle H Suisse 5
100%
Patinage de Vitesse sur Piste Courte 500m F Chine 8
97%
Ski Acrobatique Sauts H Chine 7
97%
Ski Acrobatique Big Air F Chine 2
97%
Ski Acrobatique Halfpipe F Chine 3
97%
Ski Acrobatique Sauts F Chine 10
97%
Ski Acrobatique Sauts par équipes M Chine 2
97%
Snowboard Big Air H Chine 2
97%
Ski Alpinisme Sprint F Espagne 1
97%
Ski Alpinisme Sprint H Espagne 1
97%
Ski Alpinisme Relais M Espagne 1
97%
Patinage de Vitesse Poursuite par équipes F Japon 4
97%
Ski Acrobatique Bosses en parallèle H Japon 1
97%
Snowboard Big Air H Japon 2
97%
Patinage de Vitesse 1 000m H Pays Bas 10
97%
Patinage de Vitesse 5 000m H Pays Bas 23
97%
Patinage de Vitesse 10 000m H Pays Bas 23
97%
Patinage de Vitesse Poursuite par équipes H Pays Bas 4
97%
Patinage de Vitesse 1 000m F Pays Bas 12
97%
Patinage de Vitesse 1 500m F Pays Bas 17
97%
Patinage de Vitesse 3 000m F Pays Bas 14
97%
Patinage de Vitesse Mass start F Pays Bas 3
97%
Patinage de Vitesse Poursuite par équipes F Pays Bas 4
97%
Curling Femmes Suède 8
97%
Curling Double M Suède 2
97%
Ski de Fond 50km H Suède 18
97%
Ski de Fond Sprint Individuel F Suède 6
97%
Ski de Fond Sprint par équipes F Suède 6
97%
Ski Alpinisme Sprint H Athlètes Individuels Neutres 1
93%
Patinage Artistique Danse sur glace M Russie 8
93%
Patinage de Vitesse Mass start H Corée du Sud 3
90%
Patinage de Vitesse sur Piste Courte 1 000m H Corée du Sud 11
90%
Patinage de Vitesse sur Piste Courte 1 500m H Corée du Sud 6
90%
Patinage de Vitesse sur Piste Courte 1 000m F Corée du Sud 11
90%
Patinage de Vitesse sur Piste Courte 1 500m F Corée du Sud 11
90%
Patinage de Vitesse sur Piste Courte Relais 3 000m F Corée du Sud 8
90%
Curling Double M Italie 2
90%
Luge Double F Italie 1
90%
Patinage de Vitesse sur Piste Courte Relais par équipes M Italie 2
90%
Snowboard Boadercross par équipes M Italie 2
90%
Combiné Nordique Épreuve par équipes H Autriche 8
83%
Luge Double F Autriche 1
83%
Saut à Ski Tremplin normal H Autriche 9
83%
Saut à Ski Concours par équipes H Autriche 8
83%
Ski Alpin Descente H Autriche 19
83%
Ski Alpin Slalom H Autriche 19
83%
Ski Alpin Slalom Géant H Autriche 19
83%
Ski Alpin Super Combiné H Autriche 9
83%
Ski Alpin Descente F Autriche 16
83%
Ski Alpin Slalom F Autriche 11
83%
Ski Alpin Slalom Géant F Autriche 9
83%
Ski Alpin Super Combiné F Autriche 9
83%
Ski Alpin Super G F Autriche 11
83%
Snowboard Slalom Géant Parallèle F Autriche 3
83%
Skeleton Individuel F Royaume Uni 6
80%
Ski Acrobatique Bosses en parallèle H Australie 1
73%
Saut à Ski Tremplin normal F Slovénie 3
70%
Saut à Ski Tremplin normal équipes M Slovénie 2
70%
Snowboard Slalom Géant Parallèle F République Tchèque 3
67%
Patinage Artistique Couples M Union Soviétique 12
60%
Patinage Artistique Danse sur glace M Union Soviétique 8
60%
Patinage de Vitesse 500m F Union Soviétique 10
60%
Ski de Fond 10 km F Union Soviétique 15
60%
Snowboard Big Air F Nouvelle Zélande 3
43%
Aucun quiz correspondant
Distribution des résultats
% des personnes avec chaque résultat
Percentile par nombre de réponses
Votre historique - résultats
Vous n’avez pas pris ce quiz depuis la dernière actualisation